Kết cấu bê tông cốt thép

Gorde:
Xehetasun bibliografikoak
Formatua: Liburua
Hizkuntza:Undetermined
Argitaratua: Hà Nội Khoa học - Xã hội 1994
Gaiak:
Etiketak: Etiketa erantsi
Etiketarik gabe, Izan zaitez lehena erregistro honi etiketa jartzen!
Thư viện lưu trữ: Trung tâm Học liệu Trường Đại học Cần Thơ
LEADER 00555nam a2200169Ia 4500
001 CTU_14550
008 210402s9999 xx 000 0 und d
082 |a 624.1834 
082 |b K258 
245 0 |a Kết cấu bê tông cốt thép 
245 0 |c Ngô Thế Phong ...[et al.] 
260 |a Hà Nội 
260 |b Khoa học - Xã hội 
260 |c 1994 
650 |a Reinforced concrete 
904 |i Mai chuyển số PL từ 693.1834 về 624.1834 chưa in nhãn 
980 |a Trung tâm Học liệu Trường Đại học Cần Thơ